| 000 | 00454cam a2200181ua 4500 | ||
|---|---|---|---|
| 020 | _c10.00 | ||
| 041 |
_aeng _h |
||
| 082 |
_a637.14 _bDAV/MO |
||
| 100 | _aDavis, Richard.F . | ||
| 245 |
_aModern dairy cattle management / _cF Richard Davis. _hTextual Documents |
||
| 250 |
_a1 / _b. |
||
| 260 |
_a : _bPrentice Hall of India Pvt Ltd. , _c1962. |
||
| 300 | _a264 ; . | ||
| 365 | _a10.00 | ||
| 504 | _a | ||
| 942 | _cBK | ||
| 999 |
_c2219 _d2219 |
||